| 000 | 00658nam a2200217Ia 4500 | ||
|---|---|---|---|
| 005 | 20241129110249.0 | ||
| 008 | 241129s9999||||xx |||||||||||||| ||und|| | ||
| 020 | _a978-1-78882-310-4 | ||
| 037 | _aTB | ||
| 040 |
_aARTS _beng _cARTS |
||
| 041 |
_aeng _2eng |
||
| 084 |
_a2:(D65,8(B)) R2(2D) _qARTS |
||
| 100 |
_aBooth Ray Au. _9727622 |
||
| 245 | 0 |
_aDigital library and information developments _cBooth Ray Au. |
|
| 260 |
_aWaltham, UK _bWaltham Abbey Essex Ed. Tech Press _c2022 |
||
| 300 | _ax,324p. | ||
| 365 |
_aUKP _b140 |
||
| 650 | _aLibrary ScienceComputer Science | ||
| 942 |
_cTB _h2:(D65,8(B)) R2(2D) |
||
| 999 |
_c1227951 _d1227951 |
||